Normal view
MARC view
Entry Personal Name
001 - CONTROL NUMBER
- control field: 101769
003 - CONTROL NUMBER IDENTIFIER
- control field: OSt
005 - DATE AND TIME OF LATEST TRANSACTION
- control field: 20220918202018.0
008 - FIXED-LENGTH DATA ELEMENTS
- fixed length control field: 220918|| aca||aabn | a|a d
040 ## - CATALOGING SOURCE
- Original cataloging agency: OSt
- Transcribing agency: OSt
100 ## - HEADING--PERSONAL NAME
- Personal name: Puri Jagan Nath
670 ## - SOURCE DATA FOUND
- Source citation: Work cat.: (OSt)221712: Puri Jagan Nath, Cantonments Act, 1924 (II f 1924)........and the Cantonments (House-Accommodation Act, 1923) (VI of 1923),, 1938
